000 00657nam a2200205Ia 4500
003 OSt
005 20230607112502.0
008 210423s2011 xx 000 0 und d
020 _a9788192234915
040 _cAL
041 _aeng
082 _a303.69 DSOT
100 _aDSOUZA (Alphonsus).
_9121284
245 _aTaditional method of conflict resolution:in thre tribal societies of North East India .
260 _aGuwahati
_bNorth Eastern social research centre
_c2011
300 _a1,98
_bPB
365 _b75
_cINR
906 _aconflict ; East ; India ; method ; North ; resolution:in ; societies ; Taditional ; thre ; tribal
942 _2ddc
_cBK
999 _c176132
_d176132